000 00346nam a2200145Ia 4500
008 240624s9999 xx 000 0 und d
041 _aeng
082 _a658.5 BEN
100 _aBENNETT DAVID
245 _aOPERATIONS MANAGEMENT I
260 _c2006
_aLondon
_bSage
300 _axxxiv, : 295 : p. : cm. ; 23
365 _cGBP
_b50
440 _v3
999 _c27350
_d27350